[Event "World School-ch U13 3rd"]
[Site "Chalkidiki"]
[Date "2007.05.01"]
[Round "4.4"]
[White "Emiroglu, Cankut"]
[Black "Petrosyan, Tigran S"]
[Result "1/2-1/2"]
[WhiteElo "1990"]
[BlackElo "2036"]
[PlyCount "38"]
[EventDate "2007.04.28"]
[EventType "team-tourn"]
[EventRounds "9"]
[EventCountry "GRE"]
[SourceTitle "CBM 118 Extra"]
[Source "ChessBase"]
[SourceDate "2007.07.04"]
[SourceVersion "1"]
[SourceVersionDate "2007.07.04"]
[SourceQuality "1"]

1. e4 c5 2. Nf3 d6 3. c3 Nf6 4. Be2 Nc6 5. d4 cxd4 6. cxd4 Nxe4 7. d5 Qa5+ 8.
Nc3 Nxc3 9. bxc3 Ne5 10. Nxe5 Qxc3+ 11. Bd2 Qxe5 12. O-O Bd7 13. Rb1 b6 14. Be3
Rc8 15. Ba6 Rc7 16. Re1 Qf5 17. Qd4 Qf6 18. Qd1 Qf5 19. Qd4 Qf6 1/2-1/2

[Event "World School-ch U13 3rd"]
[Site "Chalkidiki"]
[Date "2007.05.01"]
[Round "5.3"]
[White "Petrosyan, Tigran S"]
[Black "Gouliaros Antoniadis, Alexandros"]
[Result "1/2-1/2"]
[WhiteElo "2036"]
[BlackElo "1865"]
[PlyCount "80"]
[EventDate "2007.04.28"]
[EventType "team-tourn"]
[EventRounds "9"]
[EventCountry "GRE"]
[SourceTitle "CBM 118 Extra"]
[Source "ChessBase"]
[SourceDate "2007.07.04"]
[SourceVersion "1"]
[SourceVersionDate "2007.07.04"]
[SourceQuality "1"]

1. e4 c5 2. Nf3 e6 3. d4 cxd4 4. Nxd4 Nc6 5. Nc3 Qc7 6. g3 a6 7. Bg2 Nf6 8. O-O
Be7 9. Re1 d6 10. Nxc6 bxc6 11. e5 dxe5 12. Rxe5 O-O 13. Bf4 Qd7 14. Bg5 Rd8
15. Re1 Rb8 16. Qc1 Bb7 17. Ne4 Nxe4 18. Bxe7 Qxe7 19. Bxe4 c5 20. Bxb7 Qxb7
21. b3 Rd7 22. Rd1 Rbd8 23. Rxd7 Qxd7 24. Qe3 Qd4 25. Re1 Qxe3 26. Rxe3 Kf8 27.
Rc3 Rd5 28. Kf1 Ke7 29. Ke2 Kd6 30. Rd3 a5 31. Rxd5+ exd5 32. c3 Kc6 33. Ke3 f6
34. f3 g6 35. h3 h6 36. h4 Kd6 37. Kd3 Kc6 38. g4 g5 39. hxg5 hxg5 40. a3 Kb5
1/2-1/2

[Event "World School-ch U13 3rd"]
[Site "Chalkidiki"]
[Date "2007.05.03"]
[Round "7.4"]
[White "Petrosyan, Tigran S"]
[Black "Yap, Yong Li Jordan"]
[Result "1-0"]
[WhiteElo "2036"]
[BlackElo "1845"]
[PlyCount "33"]
[EventDate "2007.04.28"]
[EventType "team-tourn"]
[EventRounds "9"]
[EventCountry "GRE"]
[SourceTitle "CBM 118 Extra"]
[Source "ChessBase"]
[SourceDate "2007.07.04"]
[SourceVersion "1"]
[SourceVersionDate "2007.07.04"]
[SourceQuality "1"]

1. e4 e6 2. Qe2 Be7 3. Nf3 d5 4. d3 Nf6 5. g3 c5 6. Bg2 Nc6 7. O-O O-O 8. e5
Nd7 9. c4 d4 10. h4 Kh8 11. Bf4 f6 12. exf6 Bxf6 13. Ng5 Nb6 14. Be4 e5 15. Qh5
h6 16. Qg6 Bf5 17. Bxf5 1-0

[Event "World School-ch U13 3rd"]
[Site "Chalkidiki"]
[Date "2007.05.04"]
[Round "8.2"]
[White "Nikologorskiy, Konstantin"]
[Black "Petrosyan, Tigran S"]
[Result "1/2-1/2"]
[WhiteElo "2084"]
[BlackElo "2036"]
[PlyCount "68"]
[EventDate "2007.04.28"]
[EventType "team-tourn"]
[EventRounds "9"]
[EventCountry "GRE"]
[SourceTitle "CBM 118 Extra"]
[Source "ChessBase"]
[SourceDate "2007.07.04"]
[SourceVersion "1"]
[SourceVersionDate "2007.07.04"]
[SourceQuality "1"]

1. c4 e6 2. Nf3 d5 3. d4 Nf6 4. g3 c6 5. Bg2 Be7 6. O-O O-O 7. Qc2 Nbd7 8. b3
b6 9. Bb2 Bb7 10. Ne5 Rc8 11. Rd1 Qc7 12. Nxd7 Nxd7 13. Nc3 Rfd8 14. e4 dxe4
15. Nxe4 Nf6 16. Qe2 Nxe4 17. Qxe4 Bf6 18. Rac1 Rd7 19. c5 b5 20. b4 a5 21. a3
Rcd8 22. f4 g6 23. Bf3 Ra8 24. Ra1 Rdd8 25. Kf2 axb4 26. axb4 Rxa1 27. Rxa1 Ra8
28. Qb1 Qd8 29. Ke3 Rxa1 30. Qxa1 h5 31. h4 Qa8 32. Qxa8+ Bxa8 33. Kd3 Bd8 34.
Bc3 f5 1/2-1/2

[Event "World School-ch U13 3rd"]
[Site "Chalkidiki"]
[Date "2007.05.05"]
[Round "9.1"]
[White "Petrosyan, Tigran S"]
[Black "Skoulakis, Charalambos"]
[Result "1/2-1/2"]
[WhiteElo "2036"]
[BlackElo "1920"]
[PlyCount "109"]
[EventDate "2007.04.28"]
[EventType "team-tourn"]
[EventRounds "9"]
[EventCountry "GRE"]
[SourceTitle "CBM 118 Extra"]
[Source "ChessBase"]
[SourceDate "2007.07.04"]
[SourceVersion "1"]
[SourceVersionDate "2007.07.04"]
[SourceQuality "1"]

1. d4 d5 2. Nf3 Bf5 3. Bf4 e6 4. e3 Bd6 5. Bg3 Bxg3 6. hxg3 Nf6 7. Bd3 Bg4 8.
Nbd2 Nbd7 9. c3 c6 10. Qc2 h6 11. Ne5 Qc7 12. Nxg4 Nxg4 13. Nf3 Ndf6 14. O-O-O
O-O-O 15. Rde1 Kb8 16. e4 dxe4 17. Bxe4 Nxe4 18. Rxe4 Nf6 19. Ree1 Nd7 20. Ne5
Nxe5 21. dxe5 Rd5 22. f4 Qb6 23. Qe2 Qa5 24. a3 Rhd8 25. Rd1 Qb6 26. Rxd5 cxd5
27. Rd1 Rc8 28. Qd3 g6 29. Kb1 Rc6 30. Ka1 Qb3 31. Rd2 Rc4 32. Qb1 Qb6 33. Qd1
Qe3 34. Rd3 Qf2 35. Qf3 Qg1+ 36. Rd1 Qc5 37. Qd3 a5 38. Qd2 b5 39. Kb1 Re4 40.
Re1 Rc4 41. Re3 Kb7 42. Rd3 Qg1+ 43. Ka2 Qc5 44. Rd4 b4 45. Rd3 bxc3 46. Rxc3
Rxc3 47. bxc3 Qc4+ 48. Kb2 a4 49. Qc2 Kc6 50. Kc1 h5 51. Kd2 h4 52. Qb2 hxg3
53. Qb4 Qa2+ 54. Kd3 Qxg2 55. Qd6+ 1/2-1/2

[Event "Moscow op-B 04th"]
[Site "Moscow"]
[Date "2008.02.03"]
[Round "2"]
[White "Prokuronov, Eduard"]
[Black "Petrosyan, Tigran S"]
[Result "1-0"]
[WhiteElo "2295"]
[BlackElo "2021"]
[PlyCount "85"]
[EventDate "2008.02.02"]
[EventType "swiss"]
[EventRounds "9"]
[EventCountry "RUS"]
[SourceTitle "CBM 122 Extra"]
[Source "ChessBase"]
[SourceDate "2008.03.04"]
[SourceVersion "1"]
[SourceVersionDate "2008.03.04"]
[SourceQuality "1"]

1. d4 e6 2. c4 d5 3. Nf3 Nf6 4. g3 Be7 5. Bg2 Nbd7 6. O-O O-O 7. Qc2 c6 8. b3
b6 9. Rd1 Bb7 10. Nc3 Rc8 11. e4 dxe4 12. Ng5 h6 13. Ngxe4 Nxe4 14. Nxe4 Nf6
15. Bf4 Nxe4 16. Qxe4 Bf6 17. Rac1 Bg5 18. b4 Bxf4 19. Qxf4 Qe7 20. c5 b5 21.
Qe5 Qc7 22. f4 Rfd8 23. Qe3 a5 24. a3 axb4 25. axb4 Ra8 26. Ra1 Ra4 27. Qc3
Rda8 28. Be4 Qb8 29. Bc2 Ra2 30. Bb3 R2a3 31. Qb2 Qa7 32. Rab1 Bc8 33. Qg2 Bd7
34. Qe4 Qc7 35. Qe5 R8a7 36. Kf2 Qc8 37. Re1 g6 38. Qf6 Qa6 39. Kg1 Rxb3 40.
Rxb3 Qa2 41. Rbe3 Qb2 42. Qe5 Qxb4 43. Qb8+ 1-0

[Event "Moscow op-B 04th"]
[Site "Moscow"]
[Date "2008.02.04"]
[Round "3"]
[White "Petrosyan, Tigran S"]
[Black "Cherny, Oleg"]
[Result "1/2-1/2"]
[WhiteElo "2021"]
[BlackElo "2063"]
[PlyCount "91"]
[EventDate "2008.02.02"]
[EventType "swiss"]
[EventRounds "9"]
[EventCountry "RUS"]
[SourceTitle "CBM 122 Extra"]
[Source "ChessBase"]
[SourceDate "2008.03.04"]
[SourceVersion "1"]
[SourceVersionDate "2008.03.04"]
[SourceQuality "1"]

1. d4 d5 2. c4 c6 3. Nc3 Nf6 4. Bf4 e6 5. e3 Bd6 6. c5 Bxf4 7. exf4 Qc7 8. g3
b6 9. b4 a5 10. a3 axb4 11. axb4 Rxa1 12. Qxa1 Ne4 13. Bd3 Nxc3 14. Qxc3 O-O
15. Nf3 Ba6 16. O-O Bxd3 17. Qxd3 b5 18. Ra1 f6 19. Qc3 Re8 20. Ra5 Nd7 21. Qa1
Rb8 22. h4 Kf7 23. Ra6 Rb7 24. Kg2 g6 25. h5 Nb8 26. Ra3 Nd7 27. hxg6+ hxg6 28.
Qh1 Kg7 29. Qh3 Nf8 30. Qh4 Ra7 31. Re3 Qf7 32. g4 Ra4 33. g5 Rxb4 34. Qh6+ Kg8
35. gxf6 Qxf6 36. Ne5 Rxd4 37. Rg3 Qxf4 38. Rxg6+ Nxg6 39. Qxg6+ Kf8 40. Nd7+
Ke7 41. Qg7+ Ke8 42. Ne5 Qe4+ 43. Kh2 Qh4+ 44. Kg2 Qe4+ 45. Kh2 Qh4+ 46. Kg2
1/2-1/2

[Event "Moscow op-B 04th"]
[Site "Moscow"]
[Date "2008.02.05"]
[Round "4"]
[White "Badalian, Armen"]
[Black "Petrosyan, Tigran S"]
[Result "1-0"]
[WhiteElo "2101"]
[BlackElo "2021"]
[PlyCount "73"]
[EventDate "2008.02.02"]
[EventType "swiss"]
[EventRounds "9"]
[EventCountry "RUS"]
[SourceTitle "CBM 122 Extra"]
[Source "ChessBase"]
[SourceDate "2008.03.04"]
[SourceVersion "1"]
[SourceVersionDate "2008.03.04"]
[SourceQuality "1"]

1. d4 e6 2. c4 d5 3. Nc3 Be7 4. cxd5 exd5 5. Nf3 c6 6. Bf4 Bf5 7. e3 Nd7 8. Bd3
Bxd3 9. Qxd3 Ngf6 10. O-O O-O 11. a3 Re8 12. Rad1 h6 13. h3 Bf8 14. Nd2 g6 15.
f3 a6 16. Rfe1 c5 17. dxc5 Nxc5 18. Qb1 d4 19. Nce4 Ncxe4 20. Nxe4 Nxe4 21.
fxe4 Bg7 22. exd4 Bxd4+ 23. Kh1 Qf6 24. Bxh6 Bxb2 25. Rf1 Qh8 26. Rd7 Qxh6 27.
Qxb2 Rf8 28. Qxb7 Qg7 29. Rdxf7 Rxf7 30. Qxa8+ Kh7 31. Qxa6 Ra7 32. Qd3 Qe7 33.
Rf3 Rd7 34. Qe2 Qe5 35. Rf1 Re7 36. Re1 Ra7 37. Qd3 1-0

[Event "Moscow op-B 04th"]
[Site "Moscow"]
[Date "2008.02.06"]
[Round "5"]
[White "Shliakhov, Ivan"]
[Black "Petrosyan, Tigran S"]
[Result "1-0"]
[WhiteElo "1998"]
[BlackElo "2021"]
[PlyCount "58"]
[EventDate "2008.02.02"]
[EventType "swiss"]
[EventRounds "9"]
[EventCountry "RUS"]
[SourceTitle "CBM 122 Extra"]
[Source "ChessBase"]
[SourceDate "2008.03.04"]
[SourceVersion "1"]
[SourceVersionDate "2008.03.04"]
[SourceQuality "1"]

1. d4 d6 2. Nf3 Nf6 3. c3 Nbd7 4. Nbd2 c6 5. e4 e5 6. Bc4 Be7 7. O-O O-O 8. Re1
b5 9. Bd3 Ba6 10. a4 Bb7 11. Nb3 h6 12. Qc2 Qc7 13. c4 bxc4 14. Qxc4 Rac8 15.
dxe5 dxe5 16. Bd2 Qb8 17. a5 Ne8 18. Qc3 c5 19. Bc4 Nd6 20. Qc2 Nxc4 21. Qxc4
Bc6 22. Qc2 Bb5 23. Bc3 Rfd8 24. Nfd2 Bf6 25. Nf1 Bxf1 26. Rxf1 Nf8 27. Rad1
Ne6 28. Rxd8+ Rxd8 29. Rc1 Qb5 1-0

[Event "Moscow op-B 04th"]
[Site "Moscow"]
[Date "2008.02.07"]
[Round "6"]
[White "Petrosyan, Tigran S"]
[Black "Grabovets, Nadezhda"]
[Result "1-0"]
[WhiteElo "2021"]
[BlackElo "1973"]
[PlyCount "57"]
[EventDate "2008.02.02"]
[EventType "swiss"]
[EventRounds "9"]
[EventCountry "RUS"]
[SourceTitle "CBM 122 Extra"]
[Source "ChessBase"]
[SourceDate "2008.03.04"]
[SourceVersion "1"]
[SourceVersionDate "2008.03.04"]
[SourceQuality "1"]

1. d4 d5 2. Nf3 Nf6 3. Bf4 c6 4. Nbd2 e6 5. e3 Bd6 6. Bg3 O-O 7. Bd3 Re8 8. c3
c5 9. Ne5 Be7 10. Bf4 Nbd7 11. h4 Nxe5 12. dxe5 Nd7 13. Qh5 Nf8 14. Qe2 f6 15.
h5 fxe5 16. Bxe5 Bf6 17. f4 Nd7 18. Nf3 Nxe5 19. fxe5 Bg5 20. Bc2 c4 21. O-O-O
Bd7 22. h6 gxh6 23. Nxg5 Qxg5 24. Rd4 Qxe5 25. Rxh6 Kf8 26. Rxh7 Re7 27. Rh5
Qxh5 28. Qxh5 Ree8 29. Qh7 1-0

[Event "Moscow op-B 04th"]
[Site "Moscow"]
[Date "2008.02.08"]
[Round "7"]
[White "Lavrischev, Anatoliy"]
[Black "Petrosyan, Tigran S"]
[Result "1-0"]
[WhiteElo "2029"]
[BlackElo "2021"]
[PlyCount "80"]
[EventDate "2008.02.02"]
[EventType "swiss"]
[EventRounds "9"]
[EventCountry "RUS"]
[SourceTitle "CBM 122 Extra"]
[Source "ChessBase"]
[SourceDate "2008.03.04"]
[SourceVersion "1"]
[SourceVersionDate "2008.03.04"]
[SourceQuality "1"]

1. d4 d6 2. e3 g6 3. b3 Bg7 4. Bb2 c5 5. c3 Qa5 6. Nd2 Nf6 7. Bd3 O-O 8. Ne2
Nc6 9. O-O e5 10. e4 b5 11. d5 Ne7 12. a4 b4 13. Nc4 Qd8 14. a5 bxc3 15. Nxc3
Ba6 16. Ne3 Bxd3 17. Qxd3 Rb8 18. Ra3 Ne8 19. a6 f5 20. f3 f4 21. Nc4 g5 22.
Ne2 h5 23. Bc3 Qd7 24. Na5 g4 25. Rb1 Bf6 26. b4 cxb4 27. Rxb4 Rxb4 28. Bxb4
Kh7 29. Bd2 Kh8 30. Rb3 Rg8 31. Rb7 Qa4 32. g3 Qd1+ 33. Kg2 gxf3+ 34. Qxf3 fxg3
35. hxg3 Qxd2 36. Qxh5+ Kg7 37. Nc6 Kf8 38. Nd8 Rg6 39. Qh7 Rg7 40. Qh8+ Ng8
1-0

[Event "Moscow op-B 04th"]
[Site "Moscow"]
[Date "2008.02.09"]
[Round "8"]
[White "Petrosyan, Tigran S"]
[Black "Absoliamov, Javday"]
[Result "1/2-1/2"]
[WhiteElo "2021"]
[BlackElo "1948"]
[PlyCount "120"]
[EventDate "2008.02.02"]
[EventType "swiss"]
[EventRounds "9"]
[EventCountry "RUS"]
[SourceTitle "CBM 122 Extra"]
[Source "ChessBase"]
[SourceDate "2008.03.04"]
[SourceVersion "1"]
[SourceVersionDate "2008.03.04"]
[SourceQuality "1"]

1. d4 Nf6 2. c4 e6 3. Bf4 d5 4. Nc3 Be7 5. e3 O-O 6. c5 b6 7. b4 bxc5 8. bxc5
Ba6 9. Bxa6 Nxa6 10. Qa4 Qc8 11. Rb1 Nh5 12. Nf3 Nxf4 13. exf4 c6 14. Ne5 Nb8
15. O-O f6 16. Nd3 Nd7 17. Rfe1 Kf7 18. Rb2 Qc7 19. Rbe2 e5 20. fxe5 fxe5 21.
Nxe5+ Nxe5 22. Rxe5 Bf6 23. Re6 Rac8 24. g3 Rfe8 25. Rxe8 Rxe8 26. Rxe8 Kxe8
27. Nxd5 Qd7 28. Nxf6+ gxf6 29. Qc4 Kf8 30. Kg2 Qf5 31. f3 h5 32. a3 h4 33. g4
Qf4 34. Qd3 Kg7 35. Kh3 a5 36. Qe4 Qc1 37. Kxh4 Qd2 38. h3 a4 39. f4 Kh6 40.
Kg3 Qc3+ 41. Qf3 Qe1+ 42. Qf2 Qc3+ 43. Kh4 Qxa3 44. g5+ Kg7 45. gxf6+ Kxf6 46.
Qg2 Qb4 47. Qxc6+ Kf7 48. Qd5+ Kf8 49. Qd6+ Ke8 50. Qe6+ Kd8 51. Qg8+ Kc7 52.
Qf7+ Kd8 53. Qd5+ Kc8 54. c6 Qe1+ 55. Kg4 Qe2+ 56. Kg5 Qe7+ 57. Kf5 Qh7+ 58.
Kg4 Qg6+ 59. Kf3 Qd3+ 60. Kg4 Qg6+ 1/2-1/2

[Event "Moscow Dvorkovich Cup U16 4th"]
[Site "Moscow"]
[Date "2009.06.20"]
[Round "1"]
[White "Dragun, Kamil"]
[Black "Petrosyan, Tigran S"]
[Result "1-0"]
[WhiteElo "2217"]
[BlackElo "2047"]
[PlyCount "87"]
[EventDate "2009.06.20"]
[EventType "team-tourn"]
[EventRounds "14"]
[EventCountry "RUS"]
[SourceTitle "CBM 131 Extra"]
[Source "ChessBase"]
[SourceDate "2009.09.03"]
[SourceVersion "2"]
[SourceVersionDate "2009.09.16"]
[SourceQuality "1"]

1. e4 c5 2. Nf3 d6 3. d4 cxd4 4. Nxd4 Nf6 5. Nc3 g6 6. Be3 Bg7 7. f3 O-O 8. Qd2
Nc6 9. O-O-O d5 10. exd5 Nxd5 11. Nxc6 bxc6 12. Bd4 e5 13. Bc5 Be6 14. Ne4 Re8
15. h4 h6 16. Bc4 Qc7 17. g4 Red8 18. Bb3 a5 19. a4 Nb4 20. Bd6 Qc8 21. Qe3 Bd5
22. Be7 Re8 23. Bxb4 axb4 24. Nd6 Qe6 25. Nxe8 Rxe8 26. Bxd5 cxd5 27. Qb3 d4
28. Qxe6 Rxe6 29. h5 f5 30. gxf5 gxf5 31. Rhg1 Kf7 32. Rg6 Bf6 33. Kd2 Ra6 34.
Ra1 Ra5 35. Kd3 e4+ 36. fxe4 fxe4+ 37. Kxe4 Rxh5 38. Rg2 Ra5 39. Kd3 h5 40. Rf2
h4 41. Raf1 Ra6 42. a5 h3 43. Rh1 Rxa5 44. Rxh3 1-0

[Event "Moscow Dvorkovich Cup U16 4th"]
[Site "Moscow"]
[Date "2009.06.20"]
[Round "2"]
[White "Petrosyan, Tigran S"]
[Black "Dragun, Kamil"]
[Result "1-0"]
[WhiteElo "2047"]
[BlackElo "2217"]
[PlyCount "137"]
[EventDate "2009.06.20"]
[EventType "team-tourn"]
[EventRounds "14"]
[EventCountry "RUS"]
[SourceTitle "CBM 131 Extra"]
[Source "ChessBase"]
[SourceDate "2009.09.03"]
[SourceVersion "2"]
[SourceVersionDate "2009.09.16"]
[SourceQuality "1"]

1. e4 c5 2. Nf3 d6 3. d4 cxd4 4. Nxd4 Nf6 5. Nc3 Nc6 6. g3 g6 7. Bg2 Nxd4 8.
Qxd4 Bg7 9. O-O O-O 10. Qd1 Bg4 11. Qd3 Nd7 12. Nd5 Ne5 13. Qb3 Qd7 14. Bf4 Be6
15. Rfe1 Rac8 16. c3 Nd3 17. Re3 Nxf4 18. gxf4 Bh6 19. Qb4 a5 20. Qd4 Bxd5 21.
exd5 Bg7 22. Qb6 Qc7 23. Qxc7 Rxc7 24. Rae1 Bf6 25. a4 Rc4 26. Re4 Rc5 27. c4
Rd8 28. b3 Kf8 29. Bh3 Ke8 30. Kg2 Ra8 31. Kf3 Kd8 32. R1e3 Rc7 33. Ke2 Bb2 34.
f5 Bf6 35. Kf1 Ke8 36. Rf3 g5 37. Bg4 Kf8 38. Kg2 Kg7 39. Rd3 Be5 40. Bh5 Rh8
41. h3 Kf6 42. Kf3 Kxf5 43. Bxf7 h5 44. Be6+ Kf6 45. Kg2 Kg7 46. Rf3 Rf8 47.
Rxf8 Kxf8 48. h4 Bf6 49. Re1 g4 50. f3 b6 51. fxg4 hxg4 52. Re4 Kg7 53. Rxg4+
Kh6 54. Rg8 Bd4 55. Kh3 b5 56. axb5 a4 57. bxa4 Rxc4 58. a5 Rc3+ 59. Kg2 Ra3
60. Ra8 Bb6 61. axb6 Rxa8 62. b7 Rb8 63. Bc8 Kg6 64. Kg3 Kf6 65. Kf4 Kg6 66.
h5+ Kf6 67. h6 Kg6 68. h7 Kxh7 69. Kf5 1-0

[Event "Moscow Dvorkovich Cup U16 4th"]
[Site "Moscow"]
[Date "2009.06.21"]
[Round "3"]
[White "Antipov, Mikhail Al"]
[Black "Petrosyan, Tigran S"]
[Result "0-1"]
[WhiteElo "2208"]
[BlackElo "2047"]
[PlyCount "82"]
[EventDate "2009.06.20"]
[EventType "team-tourn"]
[EventRounds "14"]
[EventCountry "RUS"]
[SourceTitle "CBM 131 Extra"]
[Source "ChessBase"]
[SourceDate "2009.09.03"]
[SourceVersion "2"]
[SourceVersionDate "2009.09.16"]
[SourceQuality "1"]

1. e4 e5 2. Bc4 Nf6 3. d3 c6 4. Nf3 d5 5. Bb3 Bd6 6. Nc3 dxe4 7. Ng5 O-O 8.
Ngxe4 Nxe4 9. Nxe4 Bf5 10. Nxd6 Qxd6 11. O-O Be6 12. f4 Bxb3 13. axb3 exf4 14.
Bxf4 Qd4+ 15. Kh1 Nd7 16. c3 Qd5 17. b4 Nf6 18. Ra5 Qd7 19. Rg5 Nd5 20. Bd2
Rae8 21. Rg3 f5 22. Rgf3 Rf7 23. c4 Nc7 24. Bc3 Ref8 25. Qe2 Ne6 26. Re3 Nd4
27. Qf2 f4 28. Re4 f3 29. Rfe1 fxg2+ 30. Qxg2 Nf3 31. Rf1 Qxd3 32. Rg4 Ne5 33.
Rg1 Nxg4 34. Qxg4 Qd7 35. Qg3 Rf1 36. Rxf1 Rxf1+ 37. Kg2 Rf8 38. h3 Qf7 39. Qe3
Qxc4 40. Kg3 Qd5 41. Bd4 Rd8 0-1

[Event "Moscow Dvorkovich Cup U16 4th"]
[Site "Moscow"]
[Date "2009.06.21"]
[Round "4"]
[White "Petrosyan, Tigran S"]
[Black "Antipov, Mikhail Al"]
[Result "1-0"]
[WhiteElo "2047"]
[BlackElo "2208"]
[PlyCount "119"]
[EventDate "2009.06.20"]
[EventType "team-tourn"]
[EventRounds "14"]
[EventCountry "RUS"]
[SourceTitle "CBM 131 Extra"]
[Source "ChessBase"]
[SourceDate "2009.09.03"]
[SourceVersion "2"]
[SourceVersionDate "2009.09.16"]
[SourceQuality "1"]

1. e4 e6 2. d4 d5 3. e5 c5 4. c3 Nc6 5. Nf3 Bd7 6. Be2 Nge7 7. Na3 Nf5 8. Nc2
cxd4 9. cxd4 Qb6 10. O-O h5 11. b3 Be7 12. Bb2 g5 13. Rc1 g4 14. Nfe1 Bg5 15.
Rb1 f6 16. f4 gxf3 17. Nxf3 Be3+ 18. Kh1 h4 19. Nxe3 Nxe3 20. Qd3 Nxf1 21. Qg6+
Kd8 22. Qxf6+ Kc7 23. Rxf1 Raf8 24. Qg7 Rhg8 25. Qh7 Qa5 26. a3 Rg4 27. b4 Qb6
28. b5 Na5 29. Rc1+ Nc4 30. Bxc4 dxc4 31. Rxc4+ Kd8 32. a4 Be8 33. Ba3 Rf7 34.
Qh6 Rxd4 35. Qg5+ Kd7 36. Rc1 Rd5 37. Qxh4 Qd8 38. Qe1 Rf4 39. Bd6 Bh5 40. Qg3
Rf7 41. Ng5 Rf5 42. Ne4 Rf7 43. Nc5+ Rxc5 44. Bxc5 Qc7 45. Qe3 Bg6 46. Bd6 Qb6
47. Qxb6 axb6 48. Rc7+ Ke8 49. h4 Rxc7 50. Bxc7 Bc2 51. Bxb6 Bxa4 52. g4 Bxb5
53. Kg2 Kf7 54. Kg3 Bc6 55. h5 Be4 56. Kh4 Bd3 57. g5 Kg7 58. g6 Bxg6 59. hxg6
Kxg6 60. Kg4 1-0

[Event "Moscow Dvorkovich Cup U16 4th"]
[Site "Moscow"]
[Date "2009.06.22"]
[Round "5"]
[White "Petrosyan, Tigran S"]
[Black "Guennigmann, Manuel"]
[Result "1/2-1/2"]
[WhiteElo "2047"]
[BlackElo "2133"]
[PlyCount "61"]
[EventDate "2009.06.20"]
[EventType "team-tourn"]
[EventRounds "14"]
[EventCountry "RUS"]
[SourceTitle "CBM 131 Extra"]
[Source "ChessBase"]
[SourceDate "2009.09.03"]
[SourceVersion "2"]
[SourceVersionDate "2009.09.16"]
[SourceQuality "1"]

1. e4 c5 2. Nf3 Nc6 3. d4 cxd4 4. Nxd4 Nf6 5. Nc3 e5 6. Ndb5 d6 7. Bg5 a6 8.
Na3 b5 9. Nd5 Be7 10. Bxf6 Bxf6 11. c3 Ne7 12. Nxe7 Bxe7 13. Nc2 Bb7 14. Bd3 d5
15. exd5 Qxd5 16. Ne3 Qc6 17. Qg4 g6 18. a4 f5 19. axb5 axb5 20. Rxa8+ Bxa8 21.
Qe2 O-O 22. Bxb5 Qe4 23. Qc4+ Kh8 24. Qxe4 Bxe4 25. f3 Ba8 26. Bd3 Bh4+ 27. Kd2
e4 28. fxe4 fxe4 29. Bc4 Rf2+ 30. Be2 Rf8 31. Bc4 1/2-1/2

[Event "Moscow Dvorkovich Cup U16 4th"]
[Site "Moscow"]
[Date "2009.06.22"]
[Round "6"]
[White "Guennigmann, Manuel"]
[Black "Petrosyan, Tigran S"]
[Result "1-0"]
[WhiteElo "2133"]
[BlackElo "2047"]
[PlyCount "92"]
[EventDate "2009.06.20"]
[EventType "team-tourn"]
[EventRounds "14"]
[EventCountry "RUS"]
[SourceTitle "CBM 131 Extra"]
[Source "ChessBase"]
[SourceDate "2009.09.03"]
[SourceVersion "2"]
[SourceVersionDate "2009.09.16"]
[SourceQuality "1"]

1. e4 c5 2. Nf3 d6 3. d4 cxd4 4. Nxd4 Nf6 5. Nc3 g6 6. Be3 Bg7 7. f3 O-O 8. Qd2
Nc6 9. Bc4 Bd7 10. h4 h5 11. Bb3 Rc8 12. Nxc6 bxc6 13. Bh6 Qa5 14. Bxg7 Kxg7
15. O-O-O Rh8 16. Rhe1 Rcd8 17. Qd4 Bc8 18. e5 dxe5 19. Qxe5 Rxd1+ 20. Nxd1
Qxe5 21. Rxe5 e6 22. Ra5 a6 23. Bc4 Bb7 24. Nf2 Ra8 25. Nd3 Nd7 26. b4 Kf6 27.
Nc5 Nxc5 28. Rxc5 Ke7 29. f4 f6 30. Bd3 Kf7 31. Be4 Rc8 32. a4 f5 33. Bf3 Ke7
34. Rc3 Kf6 35. Rd3 Ke7 36. Kd2 Rc7 37. Rc3 Kd6 38. Ke3 Bc8 39. Kd4 a5 40. bxa5
c5+ 41. Ke3 Ba6 42. Rb3 Bc4 43. Rb6+ Kd7 44. a6 Bd5 45. Bxd5 exd5 46. Rxg6 Rc8
1-0

[Event "Moscow Dvorkovich Cup U16 4th"]
[Site "Moscow"]
[Date "2009.06.23"]
[Round "7"]
[White "Bukavshin, Ivan"]
[Black "Petrosyan, Tigran S"]
[Result "1-0"]
[WhiteElo "2365"]
[BlackElo "2047"]
[PlyCount "59"]
[EventDate "2009.06.20"]
[EventType "team-tourn"]
[EventRounds "14"]
[EventCountry "RUS"]
[SourceTitle "CBM 131 Extra"]
[Source "ChessBase"]
[SourceDate "2009.09.03"]
[SourceVersion "2"]
[SourceVersionDate "2009.09.16"]
[SourceQuality "1"]

1. d4 d5 2. c4 e6 3. Nc3 Nf6 4. cxd5 exd5 5. Bg5 Be7 6. e3 c6 7. Bd3 Nbd7 8.
Qc2 O-O 9. Nge2 Re8 10. O-O Nf8 11. f3 Be6 12. Bh4 Rc8 13. Bf2 h6 14. Kh1 c5
15. dxc5 Bxc5 16. Nd4 Bd7 17. Qb3 Qb6 18. Nxd5 Nxd5 19. Qxd5 Qxb2 20. Rab1 Qd2
21. Bc4 Be6 22. Nxe6 Qxd5 23. Bxd5 fxe6 24. Bxb7 Rcd8 25. Ba6 Rd2 26. Bc4 Red8
27. Bb3 Re2 28. Rbe1 Rb2 29. Bg3 Rdd2 30. Be5 1-0

[Event "Moscow Dvorkovich Cup U16 4th"]
[Site "Moscow"]
[Date "2009.06.23"]
[Round "8"]
[White "Petrosyan, Tigran S"]
[Black "Bukavshin, Ivan"]
[Result "0-1"]
[WhiteElo "2047"]
[BlackElo "2365"]
[PlyCount "56"]
[EventDate "2009.06.20"]
[EventType "team-tourn"]
[EventRounds "14"]
[EventCountry "RUS"]
[SourceTitle "CBM 131 Extra"]
[Source "ChessBase"]
[SourceDate "2009.09.03"]
[SourceVersion "2"]
[SourceVersionDate "2009.09.16"]
[SourceQuality "1"]

1. e4 c5 2. Nf3 d6 3. d4 cxd4 4. Nxd4 Nf6 5. Nc3 Nc6 6. g3 e5 7. Nde2 h6 8. Bg2
Be7 9. O-O O-O 10. h3 Be6 11. g4 Ne8 12. Ng3 Bg5 13. Nf5 Kh7 14. Nd5 g6 15.
Nfe3 Ng7 16. f4 exf4 17. Nxf4 Ne5 18. Kh1 h5 19. Ned5 hxg4 20. Nxe6 Nxe6 21.
hxg4 Bxc1 22. Nf6+ Kg7 23. Qxc1 Rh8+ 24. Kg1 Qb6+ 25. Rf2 Rh4 26. Qd1 Nf4 27.
Kf1 Nxg2 28. Kxg2 Rh2+ 0-1